02427 2200985 4500001002100000005001500021035002000036245008800056100002700144250001700171300003400188260003400222082001000256084001600266020002200282650002400304008004100328990001600369990001600385990001600401990001600417990001600433990001600449990001600465990001600481990001600497990001600513990001600529990001600545990001600561990001600577990001600593990001600609990001600625990001600641990001600657990001600673990001600689990001600705990001600721990001600737990001600753990001600769990001600785990001600801990001600817990001600833990001600849990001600865990001600881990001600897990001600913990001600929990001600945990001600961990001600977990001600993990001601009990001601025990001601041990001601057990001601073990001601089990001601105990001601121990001601137990001601153990001601169990001601185990001601201990001601217990001601233990001601249990001601265990001601281990001601297990001601313990001601329990001601345990001601361990001601377990001601393990001601409990001601425INLIS00000000000046720240808071317 a0010-07240000221 aAl-Qur'an dan Hadis 3 untuk Kelas III Madrasah Ibtidaiyah /cTicha Fauziyatul Anwar0 aTicha Fauziyatul Anwar acetakan ke-1 axvi, 144 hlm :bilus ;c25 cm aSolo :bTiga Serangkai,c2020 a2X1.1 a2X1.1 TIC a a978-602-320-934-7 4aBuku Teks Pelajaran240808 0  a00000001870 a00000001871 a00000001872 a00000001873 a00000001874 a00000001875 a00000001876 a00000001877 a00000001878 a00000001879 a00000001880 a00000001881 a00000001882 a00000001883 a00000001884 a00000001885 a00000001886 a00000001887 a00000001888 a00000001889 a00000001890 a00000001891 a00000001892 a00000001893 a00000001894 a00000001895 a00000001896 a00000001897 a00000001898 a00000001899 a00000001900 a00000001901 a00000001902 a00000001903 a00000001904 a00000001905 a00000001906 a00000001907 a00000001908 a00000001909 a00000001910 a00000001911 a00000001912 a00000001913 a00000001914 a00000001915 a00000001916 a00000001917 a00000001918 a00000001919 a00000001920 a00000001921 a00000001922 a00000001923 a00000001924 a00000001925 a00000001926 a00000001927 a00000001928 a00000001929 a00000001930 a00000001931 a00000001932 a00000001933 a00000001934 a00000001935 a00000001936